| 000 | 00424nam a2200181Ia 4500 | ||
|---|---|---|---|
| 000 | 00746ngmaa2200277 a 4500 | ||
| 003 | RNL | ||
| 006 | g||||fr|||| a0| fz | ||
| 007 | hj bfb|||baap | ||
| 008 | 090707b ii f a fnsan d | ||
| 040 | _aeng | ||
| 100 | _aJagtar | ||
| 245 | _aPakistani punjabi kaav da alochnatmak adhiyan | ||
| 260 | _aChandigarh | ||
| 260 | _bLokgeet Prakashan | ||
| 260 | _c2007 | ||
| 942 | _cBK | ||
| 999 |
_c21853 _d21853 |
||